000 00447cam a2200145 4500500
005 20251012010817.0
041 _afre
042 _adc
100 1 0 _aMichaud, Yves
_eauthor
245 0 0 _aMécènes à contre-pied
260 _c2011.
500 _a75
786 0 _nPhilosophie magazine | 47 | 3 | 2011-03-01 | p. 2-2 | 1951-1787
856 4 1 _uhttps://shs.cairn.info/magazine-philosophie-magazine-2011-3-page-2?lang=fr&redirect-ssocas=7080
999 _c1520725
_d1520725